LEADER 01234nam a2200265 i 4500 001 000000157995 003 CaOOAMICUS 005 20060124000000.0 008 060124s1989 be u000 u mul u 013 $a135358 020 $a90-6831-233-2 040 $aSeMil$bita 245 10$aCritica, Classica, Ascetica, Liturgica /$cedited by Elizabeth A. Livingstone. 300 $ax, 402 p. 490 0 $aStudia patristica ;$v18.2 650 4$aPatristica - Atti di congressi.$0(OLS)http://semarc/subject/1239 700 1 $aLivingstone, Elizabeth Anne.$0(OLS)http://semarc/name/7854 700 1 $aInternational Conference on Patristic Studies <9. ; 1983 ; Oxford>.$0(OLS)http://semarc/name/7856 773 0 $tPapers of the 1983 Oxford Patristics Conference.$dKalamazoo : Cistercian, 1989-1990.$kStudia patristica $g2$w()17138 830 0$aStudia patristica ;$v18.2.$0(OLS)http://semarc/title/22570 850 $aSeMil 852 $aSeMil$W1$xVenegono$y1$m2UA D 18/2$j228677$B109669$CSeMilBibl$Z2$F119283 $81 961 $aSottoscrizione: Peeters 996 $6020$a90-6831-233-2$9(OLS)http://semarc/number/148432 996 $6245$aCritica, Classica, Ascetica, Liturgica$9(OLS)http://semarc/title/54634 LEADER 02325nam a2200373 i 4500 001 000000026055 003 CaOOAMICUS 005 20260129142027.0 008 180830s17471754it u000 u lat u 040 $aSeMil$bita 100 1 $aTommasi, Giuseppe Maria,$c.$0(OLS)http://semarc/name/11619 245 10$aVenerabilis viri Josephi Mariae Thomasii S.R.E. cardinalis Opera omnia. Tomus 1. [-7.] ... ad mss. codices recensuit notisque auxit Antonius Franciscus Vezzosi. 246 0 $iTitolo in occhietto$aVenerabilis viri Josephi Mariae Thomasii Opera omnia 264 1$aRomae :$bEx typographia Palladis : excudebant Nicolaus et Marcus Palearini,$c1747-1754. 300 $a7 v. ;$c4°. 500 $aFront. stampati in rosso e nero 500 $aFregio xilogr. sui front. (altare) 500 $aCors. ; gr. ; rom. 500 $aIniziali e fregi xilogr. 650 4$aTeologia - Testi - Sec. 18.$0(OLS)http://semarc/subject/197 700 1 $aVezzosi, Antonio Francesco,$d<1708-1783>.$0(OLS)http://semarc/name/11618 700 1 $aPagliarini, Niccolò & Pagliarini, Marco,$c.$0(OLS)http://semarc/name/10654 710 2 $aPallade$b.$0(OLS)http://semarc/name/11620 774 0 $tTomus primus continens Sacrorum Bibliorum veteres titulos sectiones & c.$g1$w()47629 774 0 $t2: continens Psalterium iuxta duplicem editionem.$g2$w()215542 774 0 $tTomus tertius in quo Psalterium perpetua interpretatione ornatum.$g3$w()215543 774 0 $t4: in quo Responsoria et antiphonaria Romanae Ecclesiae.$g4$w()215544 774 0 $tTomus quintus in quo antiqui libri missarum Romanae ecclesiae.$g5$w()215545 774 0 $tTomus sextus in quo Codices sacramentorum nongentis annis vetustiores.$g6$w()215546 774 0 $t7: in quo Opuscula varia cum Apologia et indice generali.$g7$w()215547 996 $6245$aVenerabilis viri Josephi Mariae Thomasii S.R.E. cardinalis Opera omnia. Tomus 1. [-7.] ... ad mss. codices recensuit notisque auxit Antonius Franciscus Vezzosi$9(OLS)http://semarc/title/35136 996 $6246$aVenerabilis viri Josephi Mariae Thomasii Opera omnia$9(OLS)http://semarc/title/35137 996 $6264$aRomae :$bEx typographia Palladis : excudebant Nicolaus et Marcus Palearini$9(OLS)http://semarc/publisher/36698